Normal view
MARC view
Entry Personal Name
001 - CONTROL NUMBER
- control field: 1235459
003 - CONTROL NUMBER IDENTIFIER
- control field: OSt
005 - DATE AND TIME OF LATEST TRANSACTION
- control field: 20260423112346.0
008 - FIXED-LENGTH DATA ELEMENTS
- fixed length control field: 260423|| aca||aabn | a|a d
040 ## - CATALOGING SOURCE
- Original cataloging agency: OSt
- Transcribing agency: OSt
100 ## - HEADING--PERSONAL NAME
- Personal name: Pal, Sukumar
670 ## - SOURCE DATA FOUND
- Source citation: Work cat.: (OSt)1848401: Pal, Sukumar , Relevance of Dr B R Ambedkar for Inclusive Development in India, 2017
